000 00580nam a2200193Ia 4500
005 20250508164824.0
008 008 250505s9999 xx 000 0 eng d
037 _aDissertations
040 _aFEDL
_beng
_cFEDL
041 _aeng
_2eng
084 _a377.97, FIR/DI
_qFEDL
100 _aFiroz Ahmad
245 0 _aPolitical socialization through Madarsa education among Muslims in contemporary India
260 _c2000
300 _a136p.
546 _aM.Phil Dissertation, (Delhi University)
942 _cDIS
_h377.97, FIR/DI
999 _c1391409
_d1391409